|
|
|
|
| LEADER |
00986nam a22002297a 4500 |
| 001 |
AAL8311 |
| 003 |
BD-DhAAL |
| 005 |
20220816105300.0 |
| 008 |
160418b bg ||||| |||| 00| 0 ben d |
| 999 |
|
|
|c 37433
|d 37433
|
| 020 |
|
|
|a 9844064228
|
| 082 |
|
|
|a 891.443
|
| 100 |
|
|
|a আলী, সৈয়দ মুজতবা
|9 19114
|
| 245 |
|
|
|a শবনম /
|c সৈয়দ মুজতবা আলী
|
| 260 |
|
|
|a ঢাকা :
|b ষ্টুডেন্ট ওয়েজ,
|
| 300 |
|
|
|a ১৬০ পৃ. ;
|c ২২ সে.মি.
|
| 541 |
|
|
|e 8311
|
| 650 |
|
|
|a Bengali fiction.
|9 19115
|
| 852 |
|
|
|a Savar Campus Library
|
| 942 |
|
|
|2 ddc
|c BK
|
| 952 |
|
|
|0 0
|1 0
|2 ddc
|4 0
|6 891_443000000000000_ALI
|7 0
|9 58779
|a SCL
|b SCL
|c GEN
|d 2016-04-18
|g 150.00
|l 11
|m 29
|o 891.443 ALI
|p 3020008311
|r 2022-11-06
|s 2022-11-02
|t 1
|w 2016-04-18
|y BK
|
| 952 |
|
|
|0 0
|1 0
|2 ddc
|4 0
|6 891_443000000000000_ALI
|7 0
|9 58780
|a SCL
|b SCL
|c GEN
|d 2016-04-18
|g 150.00
|l 17
|m 25
|o 891.443 ALI
|p 3020008310
|r 2025-12-29
|s 2025-11-04
|t 2
|w 2016-04-18
|y BK
|